000
00245nam a2200097 a 4500
005
20200930024141.0
008
110224s1997 000 spa d
245
0
_a
Cómo conocer el periodismo.
260
_a
Santo Domingo,
_c
1997.
999
_c
25407
_d
25407
040
_a
DO-SdBNP